000 00460nam a2200193Ia 4500
005 20250603145023.0
008 250603s9999 xx 000 0 und d
020 _a9788120336797
050 _aTK 7868 .D5 .K86/
100 _aKumar, A.Anand
245 0 _aFundementals of digital circuits
250 _a2nd ed.
260 _aNew Delhi
260 _bPHI Learning private LTD
260 _c2009
300 _a918 p
650 _aNew Delhi
942 _cBK
999 _c40633
_d40633